| 000 | 01179cab a2200265 4500 | ||
|---|---|---|---|
| 001 | L129752 | ||
| 008 | 050517n2005 000 0 eng u | ||
| 035 | _a(Sirsi) u129752 | ||
| 041 | _aeng | ||
| 100 | _aGreig, Michael | ||
| 245 | _aAdoption of roads | ||
| 260 | _c2005 | ||
| 490 |
_aScottish Planning and Environmental Law _v(108) April 2005, 38-39(2) |
||
| 520 | _aLooks at the law in Scotland concerning the adoption of roads including the meaning of a road, different types of road and access, roads authorities, the construction of new roads, consent procedures, road bonds and duties and powers to adopt. Concludes by examining the restrictions on adopting roads. | ||
| 650 | _aSCOTLAND | ||
| 650 | _aCOWIE V STRATHCLYDE REGIONAL COUNCIL | ||
| 650 | _aROADS (SCOTLAND) ACT 1984 | ||
| 650 | _aMACKINNON V ARGYLL AND BUTE COUNCIL | ||
| 650 | _aROAD CONSTRUCTION CONSENT (APPEALS PROCEDURE) (SCOTLAND) REGULATIONS 1986 | ||
| 650 | _aSECURITY FOR PRIVATE ROAD WORKS (SCOTLAND) REGULATIONS 1985 | ||
| 650 | _aCOUNTRYSIDE (SCOTLAND) ACT 1967 | ||
| 650 | _aLOCAL GOVERNMENT AND PLANNING (SCOTLAND) ACT 1982 | ||
| 690 |
_aBoundary disputes _96221 |
||
| 942 | _n0 | ||
| 999 |
_c75247 _d75247 |
||